<?xml version="1.0" encoding="UTF-8"?>
<collection xmlns="http://www.loc.gov/MARC21/slim">
  <record>
    <leader>00000nam  2200000   4500</leader>
    <controlfield tag="001">INLIS000000000014654</controlfield>
    <controlfield tag="005">20220925032700</controlfield>
    <datafield tag="035" ind1="#" ind2="#">
      <subfield code="a">0010-0922001416</subfield>
    </datafield>
    <controlfield tag="001">INLIS000000000014653</controlfield>
    <controlfield tag="005">20220925032000</controlfield>
    <datafield tag="035" ind1="#" ind2="#">
      <subfield code="a">0010-0922001415</subfield>
    </datafield>
    <datafield tag="245" ind1="1" ind2="#">
      <subfield code="a">HALO BANJIR KOTA TARAKAN (Penanganan Banjir melalui Tim Reaksi Cepat Normalisasi Saluran) Dinas Pekerjaan Umum dan Penataan Ruang Kota Tarakan /</subfield>
      <subfield code="c">SABUDI PRASETYO,S.T., M.M</subfield>
    </datafield>
    <datafield tag="100" ind1="1" ind2="#">
      <subfield code="a">PRASETYO, Sabudi</subfield>
    </datafield>
    <datafield tag="250" ind1="#" ind2="#">
      <subfield code="a">1</subfield>
    </datafield>
    <datafield tag="300" ind1="#" ind2="#">
      <subfield code="a">viii, 15 halaman ; lampiran :</subfield>
      <subfield code="b">ilustrasi ;</subfield>
      <subfield code="c">30 cm</subfield>
    </datafield>
    <datafield tag="260" ind1="#" ind2="#">
      <subfield code="a">Samarinda :</subfield>
      <subfield code="b">Puslatbang KDOD,</subfield>
      <subfield code="c">2021</subfield>
    </datafield>
    <datafield tag="084" ind1="#" ind2="#">
      <subfield code="a">PKA 117 2021</subfield>
    </datafield>
    <datafield tag="650" ind1="#" ind2="4">
      <subfield code="a">Proyek Perubahan</subfield>
    </datafield>
    <datafield tag="650" ind1="#" ind2="4">
      <subfield code="a">Administrator</subfield>
    </datafield>
    <datafield tag="650" ind1="#" ind2="4">
      <subfield code="a">teknologi informasi</subfield>
    </datafield>
    <datafield tag="650" ind1="#" ind2="4">
      <subfield code="a">inovasi pemerintah</subfield>
    </datafield>
    <datafield tag="650" ind1="#" ind2="4">
      <subfield code="a">inovasi pelayanan</subfield>
    </datafield>
    <datafield tag="650" ind1="#" ind2="4">
      <subfield code="a">kinerja organisasi</subfield>
    </datafield>
    <datafield tag="650" ind1="#" ind2="4">
      <subfield code="a">penanganan bencana</subfield>
    </datafield>
    <datafield tag="650" ind1="#" ind2="4">
      <subfield code="a">layanan masyarakat</subfield>
    </datafield>
    <datafield tag="650" ind1="#" ind2="4">
      <subfield code="a">saluran air</subfield>
    </datafield>
    <datafield tag="520" ind1="#" ind2="#">
      <subfield code="a">Laporan proyek perubahan ini menjelaskan sebagian wilayah pemukiman kota Tarakan telah mengalami tata guna lahan disebabkan oleh pembangunan setiap sector usaha sehingga menyebabkan beralihnya lahan hijau daerah resapan menjadi kawasan kedap air yang mengakibatkan berkurang daya serap air dan meluap menjadi  banjir. Inovasi Penanganan Banjir melalui Tim Reaksi Cepat Normalisasi Saluran (HALO BANJIR KOTA TARAKAN)  adalah menangani banjir secara menyeluruh dengan meningkatkan layanan normalisasi saluran drainase dan akan meningkatkan kondisi lingkungan yang bersih dan sehat serta mengurangi resiko terjadinya penyakit akibat air kotor yang menggenang</subfield>
    </datafield>
    <datafield tag="500" ind1="#" ind2="#">
      <subfield code="a">Coach : Dr Mariman Darto, M.Si&#13;
Penguji : Fandariansyah,S. T., M. T.&#13;
Penguji : viii, 15 halaman ; lampiran</subfield>
    </datafield>
    <datafield tag="990" ind1="#" ind2="#">
      <subfield code="a">PKA/117/2021</subfield>
    </datafield>
  </record>
</collection>
